000
00223nam a2200097Ia 4500
008
170619s9999 xx 000 0 und d
100
_a
Bhatt Pramod
245
0
_a
Introduction to Operating Systems
260
_b
PHI
260
_c
2010
546
_a
ENGLISH
999
_c
19698
_d
19698